[Event "Polar Capital Jersey Festival"]
[Site "St. Helier"]
[Date "2017.04.01"]
[Round "1"]
[White "Hillarp Persson, Tiger"]
[Black "Kirby, Peter J"]
[Result "1-0"]
[WhiteElo "2503"]
[BlackElo "1985"]
[Annotator "TA"]
[PlyCount "73"]
[EventDate "2017.??.??"]
[EventCountry "JCI"]
[SourceTitle "playchess.com"]
[Source "ChessBase"]
[SourceQuality "1"]

{[%evp 19,73,12,31,24,31,20,25,23,32,8,28,25,29,29,38,16,14,14,33,35,49,49,45,40,141,144,153,147,145,145,150,148,137,133,301,299,326,342,361,299,267,307,347,351,382,376,381,383,367,368,357,361,355,352,468,465]} 1. c4 Nf6 2. g3 g6 3. Bg2 Bg7 4. Nc3 O-O 5. d4 {[%cal Bd2d4,Bd4d5][%mdl 32]} d6 6. Nf3 Nc6 7. O-O a6 8. b3 Rb8 9. d5 Na5 {E63: King's Indian: Fianchetto: Panno Variation with 7...a6} 10. Nd4 (10. Bd2 c5 11. dxc6 Nxc6 12. Rc1 Bf5 13. Ne1 Qd7 14. Nd5 Bh3 15. Bc3 Nxd5 16. cxd5 Ne5 17. f4 Bxg2 18. Nxg2 Ng4 19. Bxg7 Kxg7 20. Qd4+ {½-½ (20) Shankland,S (2638)-Nakamura,H (2816) Baku 2015}) 10... Bd7 {LiveBook: 19 Games} 11. Bg5 h6 {White has an edge.} 12. Bd2 c5 13. dxc6 $1 Nxc6 $146 (13... bxc6 14. Nc2 c5 15. Rb1 Nc6 16. Nd5 Nxd5 17. Bxd5 Kh7 {½-½ (17) Ubilava,E (2540)-Kuzmin,A (2545) Benasque 1998}) 14. e3 {[%cal Be2e3,Be3d4][%mdl 32]} Qc8 15. Rc1 Nxd4 16. exd4 Bh3 17. Re1 Bxg2 18. Kxg2 Qd7 19. a4 e6 20. Qf3 Rfe8 21. Rcd1 b6 {[#]} (21... Qd8 $14) 22. Bxh6 $1 $16 {[%mdl 512]} Bxh6 23. Qxf6 Qb7+ 24. Ne4 Bg7 25. Qf3 Qd7 26. h4 b5 $2 (26... d5 $16) 27. axb5 $18 axb5 28. c5 d5 29. Nf6+ Bxf6 30. Qxf6 Ra8 31. Ra1 ({Don't do} 31. h5 Qe7 32. Qe5 f6 $18) 31... Ra7 32. Rxa7 Qxa7 33. h5 {[#] h6 would kill now.} Qe7 34. Qxe7 Rxe7 35. hxg6 fxg6 36. f4 Ra7 37. Rxe6 1-0

[Event "Polar Capital Jersey Festival"]
[Site "St. Helier"]
[Date "2017.04.01"]
[Round "1"]
[White "Merry, Alan B"]
[Black "Pleasants, Allan J"]
[Result "1/2-1/2"]
[WhiteElo "2412"]
[BlackElo "1982"]
[Annotator "TA"]
[PlyCount "74"]
[EventDate "2017.??.??"]
[EventCountry "JCI"]
[SourceTitle "playchess.com"]
[Source "ChessBase"]
[SourceQuality "1"]

{[%evp 22,74,56,50,50,47,66,54,76,56,57,64,84,64,62,49,85,82,80,74,78,59,59,62,64,67,92,98,90,85,97,58,87,54,46,16,126,93,115,70,91,33,38,8,0,8,8,10,9,0,0,0,0,0,0]} 1. e4 c5 2. Nf3 g6 3. c4 Bg7 4. d4 cxd4 5. Nxd4 Nc6 6. Be3 Nf6 7. Nc3 d6 8. Be2 Bd7 9. O-O O-O 10. Qd2 Rc8 11. b3 {B38: Sicilian: Maroczy Bind with 5...Bg7 and 7...0-0} (11. f3 a6 12. Rac1 Nxd4 13. Bxd4 Qa5 14. Rfd1 Rfe8 15. Bf1 Be6 16. b3 b5 17. Bxf6 exf6 18. Nd5 Qxd2 19. Rxd2 Bh6 20. Nxf6+ Kf8 21. Rcd1 Be3+ 22. Kh1 Bxd2 23. Nxe8 bxc4 24. bxc4 Kxe8 25. Rxd2 Bxc4 {½-½ (25) Vetoshko,V (2485)-Kriebel,T (2445) Slovakia 2017}) 11... a6 12. f3 {LiveBook: 4 Games} Nxd4 13. Bxd4 {White is slightly better.} (13. Qxd4 Nxe4 14. Qxe4 Bxc3 $17) 13... Be6 14. f4 Bd7 15. Rad1 $146 (15. e5 dxe5 16. fxe5 Ne8 17. Rad1 Be6 18. Bf3 Qc7 19. Qe3 f6 20. exf6 Bxc4 21. fxg7 {1-0 (20) Giurgiu,N-Arut,M LSS email 2006}) 15... Bc6 $1 16. Qe3 Nd7 17. Bg4 Bxd4 18. Qxd4 f5 19. exf5 gxf5 20. Bf3 Qb6 21. Nd5 Qxd4+ 22. Rxd4 Rf7 23. Re1 e5 24. Rd2 Kh8 25. Kf2 Rg8 26. Ne3 (26. g3 $5 {is more complex.} Rd8 27. Red1 Nc5 28. b4 Na4 29. Rc1) 26... Bxf3 27. Kxf3 exf4 28. Kxf4 Re7 (28... Ne5 $11 {remains equal.}) 29. Nc2 (29. Kxf5 $6 Nc5 30. Kf4 (30. Rxd6 Rf7+ 31. Rf6 Re7 $11) 30... Rf8+ 31. Kg4 Rg8+ 32. Kf4 Rf8+ 33. Kg4 Rg8+ 34. Kf3 Rf8+ 35. Kg4 $11) 29... Reg7 30. g3 ({And not} 30. Kxf5 Nc5 31. Kf4 (31. Rxd6 $2 Rxg2 32. b4 Rf2+ 33. Ke5 Rg5+ 34. Kd4 Rd2+ 35. Kc3 Rxd6 $19) 31... Rf7+ 32. Ke3 Re8+ 33. Kd4 Rf4+ 34. Kd5 (34. Kc3 $2 Rxe1 35. Nxe1 Ne4+ 36. Kd3 Nxd2 37. Kxd2 Rf2+ 38. Kc3 Re2 $19) 34... Ne4 35. Rxe4 (35. g3 $2 Re5+ 36. Kd4 Nxd2+ $19) 35... Rfxe4 $17) 30... Rg4+ $1 {[#]} 31. Kf3 ({Don't play} 31. Kxf5 $6 R8g5+ 32. Ke6 Nc5+ 33. Kxd6 Ne4+ 34. Rxe4 Rxe4 $11) (31. Ke3 $1 $16) 31... Ne5+ $14 32. Kf2 f4 $1 {[%cal Rf4g3] The position is equal.} 33. Rxd6 fxg3+ 34. hxg3 Rf8+ $1 35. Kg2 Rf3 $1 36. Rd8+ Kg7 37. Rd7+ Kg8 1/2-1/2

[Event "Polar Capital Jersey Festival"]
[Site "St. Helier"]
[Date "2017.04.01"]
[Round "1"]
[White "Resnjanskij, Denis"]
[Black "Speelman, Jon S"]
[Result "1/2-1/2"]
[WhiteElo "2042"]
[BlackElo "2511"]
[Annotator "TA"]
[PlyCount "90"]
[EventDate "2017.??.??"]
[EventCountry "JCI"]
[SourceTitle "playchess.com"]
[Source "ChessBase"]
[SourceQuality "1"]

{[%evp 13,90,-17,-12,-48,-10,-46,-37,-46,-45,-43,-27,-50,-50,-52,-42,-46,-33,-45,-36,-42,-31,-33,-29,-43,-41,-45,-12,-12,-17,-19,-23,-31,-9,-13,0,0,0,0,0,-26,-37,-33,-38,-101,-97,-120,-75,-93,-73,-110,164,160,249,125,80,0,0,0,0,0,0,0,0,0,0,0,0,0,0,0,8,0,0,0,0,0,0,0,0]} 1. d4 d6 2. c4 e5 3. dxe5 dxe5 4. Qxd8+ Kxd8 5. Nc3 Be6 6. b3 Nd7 7. Nf3 f6 {LiveBook: 21 Games} 8. e4 {A41: 1 d4 d6: Tartakower System and Modern Defence} (8. Bb2 c6 9. g3 a5 10. Nd2 Nh6 11. Bg2 Nf5 12. O-O Bb4 13. a3 Bxc3 14. Bxc3 Nd6 15. a4 Kc7 {0-1 (36) Valles,M (2387)-Istratescu,A (2667) Metz 2014}) 8... c6 ({Much worse is} 8... Bb4 9. Bd2 $11 (9. Bb2 Nc5 $11)) 9. Bd3 Ne7 $146 {[%cal Bg8e7,Be7c8,Bc8b6][%mdl 32]} (9... g5 10. h3 h5 11. Bb2 a5 12. O-O-O Bc5 13. Rd2 Kc7 14. Nd1 a4 15. Bc2 Ne7 {½-½ (70) Magnifico,G-Lampic,T (2295) Turin 1998}) 10. Be3 {Black is slightly better.} Nc8 11. O-O-O Kc7 12. Kb2 Bc5 13. Rhe1 Ncb6 14. Rd2 a5 15. Bxc5 Nxc5 16. Red1 a4 17. Ne1 Rhd8 18. Nc2 axb3 19. axb3 Nxd3+ 20. Rxd3 Rxd3 21. Rxd3 Nd7 22. f3 g6 23. Rd2 f5 24. Nb4 f4 25. Nd3 g5 {[%cal Bg6g5,Bg5g4][%mdl 32]} 26. Rd1 g4 27. Rd2 h5 28. Ne1 (28. Ne2 $15) 28... Nc5 $17 29. Nc2 h4 30. fxg4 Bxg4 31. Ne1 Ra1 $2 {[%mdl 8192]} (31... h3 $17 {and life is bright. White must now prevent ...Rd8.} 32. Rf2 Rd8 33. gxh3 Bxh3) 32. Nd3 $18 Rh1 {[#]} (32... Nxd3+ $16 {was worth a try.} 33. Kxa1 h3 34. gxh3 Nc5) 33. Nxc5 (33. Nf2 $1 $18 {[%cal Rf2h1]} Re1 34. Nxg4 Nxe4 35. Nxe4 Rxe4 36. Kc3) 33... Rxh2 $16 {[#]} 34. Rc2 ({Better is} 34. Nb1 $1 $16) 34... f3 $1 $36 {[%cal Rf3g2][%mdl 2048] The position is equal. Black has some pressure.} 35. gxf3 Rxc2+ 36. Kxc2 h3 {aiming for ...h2.} 37. Ne2 ({Not} 37. fxg4 $2 h2 38. Nd1 (38. Ne6+ $2 Kc8 39. Ng5 h1=Q $19) 38... h1=Q $19) 37... h2 38. Ng3 Bxf3 39. Kd3 h1=Q 40. Nxh1 Bxh1 {KB-KN} 41. Ke3 Bg2 42. Nd3 Kd6 43. c5+ Ke6 44. Nb2 Bf1 45. Na4 Bb5 1/2-1/2

[Event "Polar Capital Jersey Festival"]
[Site "St. Helier"]
[Date "2017.04.01"]
[Round "1"]
[White "Bryant, Richard B E"]
[Black "Hebden, Mark L"]
[Result "0-1"]
[WhiteElo "1984"]
[BlackElo "2494"]
[Annotator "TA"]
[PlyCount "80"]
[EventDate "2017.??.??"]
[EventCountry "JCI"]
[SourceTitle "playchess.com"]
[Source "ChessBase"]
[SourceQuality "1"]

{[%evp 9,80,-29,-29,-101,-88,-85,-81,-107,-102,-94,-68,-79,-63,-90,-77,-113,-97,-84,-74,-105,-106,-146,-110,-134,-131,-232,-241,-226,-233,-226,-241,-245,-245,-300,-189,-215,-211,-283,-245,-241,-230,-232,-187,-194,-189,-204,-202,-218,-198,-193,-186,-189,-186,-239,-249,-368,-355,-323,-349,-365,-280,-432,-422,-434,-416,-408,-403,-478,-483,-470,-465,-445,-429]} 1. e4 e5 2. Nf3 Nc6 3. c3 d5 4. Qa4 f6 5. exd5 {C44: Ponziani Opening and Scotch Gambit} (5. Bb5 Nge7 6. exd5 Qxd5 7. O-O Bd7 8. d4 a6 9. c4 Qd6 10. dxe5 fxe5 11. Rd1 Qe6 12. Nc3 Rc8 13. Ng5 Qg4 14. h3 axb5 15. Qxb5 Qf5 16. Qxb7 Nd4 17. Nb5 Bc6 18. Qa6 Nxb5 19. cxb5 Ra8 20. g4 Qc2 21. Rd2 Qg6 {0-1 (21) Durarbayli,V (2627)-So,W (2822) chess.com INT 2017}) 5... Qxd5 {LiveBook: 5 Games} 6. Bc4 (6. Bb5 $11 {keeps the balance.}) 6... Qe4+ $17 7. Kf1 {[#] Hoping for Bf7+!Black is better.} Be6 $146 {[%mdl 512]} (7... Qf4 8. Na3 Bxa3 9. d3 Qg4 10. Qxa3 Nge7 11. Bd2 Be6 12. h3 Qf5 13. Nh4 Qh5 14. Bxe6 Qxh4 15. Qb3 Rb8 16. Bf7+ Kf8 17. g3 {1-0 (18) Pueschel,W (2013)-Sippel,R (1849) Berlin 2016}) 8. Bb5 (8. Bxe6 Qxa4) 8... Qxa4 9. Bxa4 Bc4+ 10. Kg1 Bd3 11. b4 Nge7 12. Bd1 O-O-O 13. Ne1 Bg6 14. Be2 e4 15. a4 Nd5 16. g3 a5 17. bxa5 (17. b5 $17 {is a better defense.} Ne5 18. Nc2) 17... Nxa5 $19 {[%cal Bc6a5,Ba5b3,Bb3c1][%mdl 32] ...Nb3 is the strong threat.} 18. Ba3 Nb3 19. Bxf8 Rhxf8 ({But not} 19... Rdxf8 20. Ra3 Nc5 21. Ra1) 20. Ra3 {[#]} Nc1 $1 {[%cal Rc1e2]} 21. Bf1 Ne7 22. Bg2 Rd6 23. Ra1 Nb3 24. Ra2 Nc6 25. Rb2 Nca5 26. h4 h5 27. Bh3+ Kb8 28. Ng2 Rfd8 29. Nf4 Bf7 30. Bf5 Nc5 ({Don't take} 30... Nxd2 31. Nxd2 Rxd2 32. Rxd2 Rxd2 33. Bxe4 $17) 31. Rb5 (31. Rb4 $142) 31... Nab3 32. Kh2 (32. Rb4 $142) 32... c6 33. Rb4 Nxd2 34. Kg2 Nc4 35. Ne2 (35. Bg6 $142 Bg8 36. Bh7 Bxh7 37. Rxc4) 35... Nd3 36. Bxe4 Nxb4 37. cxb4 Re8 38. Nbc3 Rd2 {Black is clearly winning.} 39. Re1 g6 40. Kf1 Rb2 0-1

[Event "Polar Capital Jersey Festival"]
[Site "St. Helier"]
[Date "2017.04.01"]
[Round "1"]
[White "Wojciechowski, Paul"]
[Black "Abbas, Daniel"]
[Result "0-1"]
[WhiteElo "1979"]
[BlackElo "2285"]
[Annotator "TA"]
[PlyCount "68"]
[EventDate "2017.??.??"]
[EventCountry "JCI"]
[SourceTitle "playchess.com"]
[Source "ChessBase"]
[SourceQuality "1"]

{[%evp 17,68,-2,0,-18,-18,-53,-47,-72,0,-25,14,22,114,117,105,92,154,81,56,38,56,7,43,19,18,-66,0,0,35,39,56,52,87,7,0,0,0,0,0,-1214,-772,-762,-760,-762,-754,-709,-731,-1158,-1158,-1068,-1081,-29994,-29995]} 1. e4 c5 2. Nf3 e6 3. d4 cxd4 4. Nxd4 Nc6 5. Nc3 Qc7 6. Be3 a6 7. Be2 Nf6 8. O-O Bb4 9. f3 O-O 10. Qd2 {B49: Sicilian: Taimanov: 5 Nc3 Qc7 6 Be3 a6 7 Be2} (10. Kh1 e5 11. Nb3 Bxc3 12. bxc3 d6 13. Bg5 Ne8 14. Qe1 Be6 15. Rd1 Rc8 16. Bd2 Nb8 17. f4 Nd7 18. Qh4 {0-1 (40) Brunello,S (2489)-Stellwagen,D (2639) Heraklio 2007}) 10... d5 11. Nxc6 bxc6 12. Bg5 {Black is slightly better.} Qa7+ (12... Bd6 $17 13. g3 Be5) 13. Be3 c5 {aiming for ...Ba5.} 14. a3 $146 (14. e5 Nd7 15. a3 Bxc3 16. bxc3 Nxe5 {½-½ (37) Teodorescu,A (1742)-Argyo,N (1618) Buzias 2002}) 14... Ba5 {[#]} (14... Bxc3 $1 $11 15. bxc3 dxe4) 15. b4 $1 $16 ({But not} 15. exd5 $6 Nxd5 16. Bf2 Rd8 $11) 15... Bb6 {Strongly threatening ...d4.} 16. Na4 d4 ({Better is} 16... Bc7) 17. bxc5 (17. Bf2 $142) 17... Bxc5 18. Nxc5 dxe3 19. Qa5 Nd7 20. Nxd7 Bxd7 21. Rfd1 (21. Rab1 $11) 21... Rfc8 (21... Bb5 $1 $15 22. Re1 (22. c4 Bxc4 23. Qe1 Rfc8 $17) 22... Bxe2 23. Rxe2 Rac8) 22. c4 $11 Rc5 23. Qc3 Ba4 24. Rd3 f5 25. g3 ({White should try} 25. exf5 $16 exf5 26. Qd4) 25... Qc7 26. Rxe3 f4 27. gxf4 Qxf4 28. Qd4 $2 {[%mdl 8192]} (28. Bf1 $11) 28... Rg5+ 29. Kf2 Qh4+ 30. Kf1 Qxh2 {[%csl Gg5][%cal Rh2g1] [#]} 31. Ke1 Rg1+ 32. Kd2 Rxa1 33. Qxa1 Rd8+ 34. Kc1 Qg1+ 0-1

[Event "Polar Capital Jersey Festival"]
[Site "St. Helier"]
[Date "2017.04.02"]
[Round "2"]
[White "Speelman, Jon S"]
[Black "Boxall, Graham"]
[Result "1-0"]
[WhiteElo "2511"]
[BlackElo "1993"]
[Annotator "TA"]
[PlyCount "59"]
[EventDate "2017.??.??"]
[EventCountry "JCI"]
[SourceTitle "playchess.com"]
[Source "ChessBase"]
[SourceQuality "1"]

{[%evp 14,59,26,23,57,40,214,207,218,156,297,297,296,297,290,288,342,304,283,228,295,302,366,356,379,366,373,347,349,319,319,319,331,304,354,350,321,320,406,362,393,397,541,541,633,406,949,949]} 1. d4 Nf6 2. Nf3 d5 3. c4 c6 4. e3 Bg4 5. Nc3 e6 6. h3 Bh5 7. g4 {[%cal Bg2g4,Bg4g5][%mdl 32]} Bg6 8. Ne5 {LiveBook: 355 Games. D11: Slav Defence: 3 Nf3 sidelines and 3...Nf6 4 e3 Bg4} Bd6 (8... Nbd7 9. Nxg6 hxg6 10. a3 g5 11. Bd2 g6 12. Qf3 a6 13. Bd3 dxc4 14. Bxc4 b5 15. Bf1 c5 {1-0 (50) Andreikin,D (2736)-Aronian,L (2780) Wijk aan Zee 2017}) 9. h4 {aiming for h5.} h5 $146 ({Black should try} 9... dxc4 $1 $14 10. Nxc4 h6) (9... dxc4 10. Nxc4 Bc7 11. h5 Be4 12. Nxe4 Nxe4 13. Bg2 Nd6 14. Ne5 Nd7 15. Nd3 Qg5 {1-0 (32) Kovalev,D (2447)-Kalinina,O (2159) Alushta 2009}) 10. Nxg6 $18 {White is clearly better.} fxg6 {[#]} 11. g5 $1 {And now Qb3 would win.} Ne4 (11... Ng4 $16 12. Bd3 (12. c5 O-O 13. f4 Bc7 $16) 12... O-O 13. Bxg6 e5) 12. Nxe4 dxe4 13. Bg2 Qa5+ 14. Bd2 Qf5 15. Qc2 O-O 16. O-O (16. Bxe4 Qxf2+ 17. Kd1 Na6 $16) 16... Qg4 17. Qxe4 Qxe4 18. Bxe4 Kh7 19. c5 Bc7 20. f4 a5 21. Rfc1 Na6 22. a3 Rad8 23. b4 {[%cal Bb2b4,Bb4b5,Bb5a6][%mdl 32]} e5 24. fxe5 Bxe5 25. b5 (25. bxa5 Bxd4 26. exd4 Rxd4 $15) 25... Bxd4 26. exd4 Rxd4 27. Bg2 (27. bxc6 Rxe4 28. cxb7 Rg4+ 29. Kh1 Rxh4+ 30. Kg2 Rg4+ 31. Kh1 Rh4+ 32. Kg2 Rg4+ 33. Kh1 Rh4+ $11) 27... Rxd2 28. bxa6 Rff2 29. Be4 ({Inferior is} 29. axb7 Rxg2+ 30. Kh1 Rh2+ 31. Kg1 Rdg2+ 32. Kf1 Rf2+ 33. Kg1 (33. Ke1 {is a self mate.} Rb2 34. Rc2 Rbxc2 35. Kd1 Rcg2 36. b8=Q Rh1#) 33... Rfg2+ 34. Kf1 Rf2+ 35. Kg1 (35. Ke1 {leads to mate.} Rb2 36. Rc2 Rbxc2 37. Kd1 Rcg2 38. b8=Q Rh1#) 35... Rfg2+ $17) 29... Rfe2 (29... Rf4 $142 30. axb7 Rg4+ 31. Kf1 Rf4+ 32. Ke1 Rb2) 30. Re1 1-0

[Event "Polar Capital Jersey Festival"]
[Site "St. Helier"]
[Date "2017.04.02"]
[Round "2"]
[White "Hebden, Mark L"]
[Black "Klingher, Dominic"]
[Result "1-0"]
[WhiteElo "2494"]
[BlackElo "2116"]
[Annotator "TA"]
[PlyCount "51"]
[EventDate "2017.??.??"]
[EventCountry "JCI"]
[SourceTitle "playchess.com"]
[Source "ChessBase"]
[SourceQuality "1"]

{[%evp 17,51,48,45,44,46,42,33,31,36,38,82,66,100,81,113,104,139,112,294,289,407,260,324,282,366,373,365,340,599,584,891,596,776,762,1637,1565]} 1. d4 d6 2. e4 Nf6 3. Nc3 Nbd7 4. Nf3 e5 5. Bc4 Be7 6. a4 c6 7. O-O h6 8. Qe2 Qc7 9. Rd1 {C41: Philidor Defence} Nf8 {[%cal Bd7f8,Bf8g6,Bg6f4][%mdl 32] LiveBook: 10 Games} 10. a5 Ng6 11. h3 {White is slightly better.} O-O 12. Be3 Nh5 $146 (12... Bd7 13. dxe5 dxe5 14. Na4 Rfd8 15. b4 Be8 16. Rxd8 Qxd8 {½-½ (43) Michalek,M (2460)-Broeker,C (2422) ICCF email 2007}) 13. Qd2 Ngf4 14. Ne2 {[%cal Re3f4]} g5 15. Ng3 Ng7 16. Qc3 {[%cal Rd4e5]} Be6 17. dxe5 d5 $2 {[#]} (17... Bxc4 $16 18. Qxc4 dxe5) 18. Bxd5 $1 $18 {[%mdl 512]} Ngh5 (18... Rfd8 $142 19. Bxe6 Rxd1+ 20. Rxd1 Ngxe6) (18... cxd5 19. Qxc7) 19. Bc4 Nxg3 20. fxg3 Ng6 21. Bxe6 fxe6 22. Qc4 Kg7 $2 (22... Qc8 23. b4 Rf7) 23. Qxe6 {White is clearly winning.} Rf7 24. Bd4 c5 25. Bc3 Re8 {[#]} 26. Rd6 $1 {[%mdl 512]} 1-0

[Event "Polar Capital Jersey Festival"]
[Site "St. Helier"]
[Date "2017.04.02"]
[Round "2"]
[White "Abbas, Daniel"]
[Black "Webster, Jim J"]
[Result "1-0"]
[WhiteElo "2285"]
[BlackElo "1807"]
[Annotator "TA"]
[PlyCount "47"]
[EventDate "2017.??.??"]
[EventCountry "JCI"]
[SourceTitle "playchess.com"]
[Source "ChessBase"]
[SourceQuality "1"]

{[%evp 15,47,33,34,29,34,24,50,64,98,104,105,100,104,112,122,110,132,146,129,89,251,204,375,357,556,544,700,680,630,533,590,633,755,790]} 1. e4 c5 2. Nf3 Nc6 3. Bb5 g6 4. Bxc6 bxc6 5. O-O Bg7 6. Re1 Nf6 7. e5 Nd5 8. c4 {B31: Sicilian: 2...Nc6 3 Bb5 g6} Nb6 {LiveBook: 3 Games} (8... Nc7 9. d4 cxd4 10. Qxd4 Ne6 11. Qh4 d5 12. exd6 Qxd6 13. Nc3 Bf6 14. Bg5 Nxg5 15. Nxg5 Bf5 16. Nce4 Bxe4 17. Nxe4 Bxh4 18. Nxd6+ Kf8 19. Ne4 Kg7 20. g3 Bf6 21. Nxf6 Kxf6 22. Rad1 Rhd8 23. f4 {½-½ (23) Kasimdzhanov,R (2691)-Gelfand,B (2743) Tashkent 2016}) 9. d4 cxd4 10. Qxd4 {White is slightly better.} O-O 11. Qh4 e6 $146 (11... d6 12. Bh6 dxe5 13. Bxg7 Kxg7 14. Nxe5 Qc7 15. Nc3 f6 16. Nxc6 {1-0 (53) Robovic,S (2415)-Mann,G (2315) Kecskemet 1994}) 12. Bg5 (12. Ng5 h6 13. Nf3 Qxh4 14. Nxh4 Nxc4 $17) 12... f6 13. exf6 Bxf6 14. Nbd2 $36 {[%mdl 2048] White is really pushing.} Bxg5 15. Nxg5 {[%csl Gg5][%cal Rh4h7] [#]} Qe7 16. Qg3 Rf5 17. h4 {[%cal Bh2h4,Bh4h5,Bh5g6][%mdl 32]} Qf8 $2 (17... Qb4 $16 {might work better.}) 18. Rad1 Rf4 $2 {[#]} (18... d5 19. Ndf3 (19. Nxe6 Bxe6 20. Rxe6 Rf6 $16) (19. Qc7 Bd7 $16) 19... Nxc4) 19. h5 $1 $18 {[%mdl 512]} Qf5 (19... h6 $142 20. Nh3 (20. hxg6 hxg5 21. Qxg5 Qf6 $17) 20... Rd4) (19... gxh5 20. Nxe6+) 20. hxg6 {White is clearly winning.} h5 {Threatening ...h4.} 21. Nf7 Kg7 22. Re5 Qg4 23. Qc3 {Strongly threatening Rg5+.} Rd4 24. f3 1-0

[Event "Polar Capital Jersey Festival"]
[Site "St. Helier"]
[Date "2017.04.02"]
[Round "2"]
[White "Rudd, Jack"]
[Black "Hillarp Persson, Tiger"]
[Result "1-0"]
[WhiteElo "2177"]
[BlackElo "2503"]
[Annotator "TA"]
[PlyCount "73"]
[EventDate "2017.??.??"]
[EventCountry "JCI"]
[SourceTitle "playchess.com"]
[Source "ChessBase"]
[SourceQuality "1"]

{[%evp 23,73,1,23,-3,4,-7,-22,-12,-8,-16,-27,-16,20,27,37,33,50,58,52,64,113,118,124,113,213,59,49,4,10,8,5,17,0,0,-10,0,0,0,30,25,37,35,128,47,75,75,194,179,177,121,121,118]} 1. e4 c5 2. Nf3 d6 3. d4 cxd4 4. Nxd4 Nf6 5. Nc3 a6 6. Be3 e5 7. Nb3 Be6 8. f3 h5 9. Qd2 Nbd7 10. O-O-O Be7 11. Kb1 Qc7 {B90: Sicilian Najdorf: Unusual White 6th moves, 6 Be3 Ng4 and 6 Be3 e5} (11... Rc8 12. g3 b5 13. Nd5 Bxd5 14. exd5 Nb6 15. Bxb6 Qxb6 16. Na5 Rc5 17. c4 bxc4 18. Nxc4 Qb7 19. Ne3 O-O {½-½ (44) Akopian,V (2648)-Anand,V (2803) Berlin 2015}) 12. g3 b5 {LiveBook: 10 Games} 13. f4 Nb6 {The position is equal.} 14. fxe5 $146 (14. Bxb6 Qxb6 15. Re1 h4 16. Bd3 Rd8 17. f5 Bd7 18. g4 b4 19. Nd5 Nxd5 20. exd5 {½-½ (50) Semenov,V (2276)-Kazantsev,R (2359) ICCF email 2010}) 14... dxe5 15. Bxb6 Qxb6 16. Nd5 Bxd5 17. exd5 Rd8 18. Bg2 O-O 19. Na5 Bd6 20. Nc6 Rde8 $1 21. Rhf1 {Hoping for Rxf6!} Ng4 22. Rde1 $1 f5 23. Qg5 {aiming for Qg6.} e4 (23... Qc5 $16) 24. Qxh5 $2 (24. Rxf5 $6 Rxf5 25. Qxf5 Qf2 26. Qxf2 Nxf2 $16) (24. Qg6 $18 Qc5 25. Rxf5) 24... Ne3 $14 25. Bh3 {[%cal Rf1f5] Strongly threatening Rxf5.} Nxf1 26. Rxf1 Qe3 27. Bxf5 {Qh7+ would kill now.} Qh6 28. Qg4 $40 {[%mdl 128] Black needs to defend precisely.} e3 {...e2 is the strong threat.} 29. Nd4 ({But not} 29. Be6+ $2 Rxe6 30. Rxf8+ Bxf8 $19) 29... g6 30. Re1 Qh5 31. Be6+ Kh8 {next ...Qxg4 is good for Black.} 32. Qe4 {And now a3 would win.} Rf2 ({Black should try} 32... Kg7 $14) 33. Qxe3 (33. a3 $16) 33... Ref8 34. a3 Qxh2 (34... Rf1 $16) 35. Ka2 Kh7 {[#]} (35... Bxg3 36. Qd3 Bd6 37. Re3 (37. Qxg6 Qh7 38. Qg4 R2f6 $16)) 36. Bg4 ({Better is} 36. Qc3 $1 $18) 36... Qxg3 $16 {[#]} 37. Rh1+ $1 1-0

[Event "Polar Capital Jersey Festival"]
[Site "St. Helier"]
[Date "2017.04.02"]
[Round "2"]
[White "Thalwitzer, David"]
[Black "House, Glenn L"]
[Result "1/2-1/2"]
[WhiteElo "2114"]
[BlackElo "2211"]
[Annotator "TA"]
[PlyCount "140"]
[EventDate "2017.??.??"]
[EventCountry "JCI"]
[SourceTitle "playchess.com"]
[Source "ChessBase"]
[SourceQuality "1"]

{[%evp 9,140,47,49,8,8,14,5,-3,20,2,61,45,42,37,45,14,20,20,26,14,53,47,42,44,49,49,43,50,45,45,75,73,75,77,78,52,49,49,51,42,72,49,50,60,62,54,61,65,75,49,79,70,79,22,50,66,58,37,41,31,61,54,55,37,66,59,59,59,59,59,59,59,59,66,65,73,84,84,86,0,0,0,0,0,0,0,0,0,0,0,0,0,0,0,0,0,0,0,0,0,0,0,0,0,0,0,0,0,0,0,0,0,0,0,0,0,0,0,0,0,0,0,0,0,0,0,0,0,0,0,0,0,0]} 1. e4 {[%cal Be2e4,Be4e5][%mdl 32]} c5 2. c3 Qa5 3. Na3 Nc6 4. Nf3 Nf6 {B22: Sicilian: 2 c3} 5. e5 Nd5 {LiveBook: 4 Games} 6. Qb3 (6. Bc4 e6 7. O-O Nc7 8. Bd3 b5 9. Be4 Bb7 10. d4 cxd4 11. cxd4 h6 12. Bd2 Qa6 13. Nc2 Ne7 14. Bd3 Qb6 15. a4 bxa4 16. Ne3 Bd5 17. Rxa4 Nc6 18. Nxd5 Nxd5 19. Qe2 Qb8 20. Ne1 Nce7 21. Qe4 {½-½ (21) Zhigalko,S (2646)-Andreikin,D (2659) Puerto Madryn 2009}) 6... e6 7. Bc4 Nb6 8. Be2 $146 (8. O-O d5 9. exd6 Bxd6 10. Nb5 Nxc4 11. Qxc4 Be7 12. b4 cxb4 13. cxb4 Bxb4 {0-1 (57) Frank Nielsen,M (2020)-Zatonskih,A (2508) Rogaska Slatina 2011}) 8... a6 9. O-O Be7 (9... d5 $11) 10. d4 $14 cxd4 11. cxd4 O-O 12. Nc2 Nd5 13. Bc4 d6 14. Bd2 Qc7 {[%cal Rd6e5]} 15. Bxd5 exd5 16. Ne3 $36 {[%mdl 2048] White is more active.} Be6 {[%cal Rd6e5]} 17. Nxd5 Bxd5 18. Qxd5 dxe5 19. dxe5 ({Don't go for} 19. Nxe5 $2 Rad8 20. Qb3 Nxd4 $19) 19... Rfd8 20. Qe4 Qd7 21. Bc3 Qe6 22. b3 Rd5 23. Rad1 Rad8 24. Rxd5 Rxd5 25. Qc4 h6 26. h3 Qd7 {[#] aiming for ...Rc5.} 27. Qe4 Bc5 28. Re1 Qe6 29. b4 Bf8 30. a3 Qd7 31. g4 (31. Re2 $16) 31... Rd1 32. Kg2 Rxe1 33. Qxe1 (33. Nxe1 $5 {creates asymmetry.} Qe6 34. Bb2 Qb3 35. Bc1 Be7 36. Nd3) 33... Qd5 34. Qd2 Qc4 35. Bb2 Qe6 36. Qc3 g6 37. Qd3 Bg7 {[%cal Rg7e5]} 38. b5 Nxe5 39. Bxe5 Bxe5 40. bxa6 bxa6 41. Nxe5 Qxe5 42. Qxa6 {[%mdl 4096] Endgame KQ-KQ} Qe4+ 43. Kg1 Qf3 44. a4 (44. Qc8+ $16 Kg7 45. Qc5) 44... Qxh3 $11 {The position is equal.} 45. Qc8+ Kg7 46. Qd7 Qc3 47. Kg2 Qb4 48. Kg3 Qb8+ 49. Kf3 Qb3+ 50. Ke4 Qc2+ 51. Ke3 Qb3+ 52. Ke2 Qc4+ 53. Ke1 Qc1+ 54. Qd1 Qc3+ 55. Kf1 Qc4+ 56. Kg1 Qc3 57. Qb1 Qd4 58. Qb5 Qxg4+ 59. Kf1 h5 60. a5 h4 61. Qe5+ Kh7 62. Qd5 Qf4 63. Kg2 h3+ 64. Kxh3 Qxf2 65. Qb5 Qf3+ 66. Kh2 Qf2+ 67. Kh1 Qf3+ 68. Kh2 Qf2+ 69. Kh1 Qf3+ 70. Kh2 Qf4+ 1/2-1/2